[Event "Almaty Open 2018"]
[Site "Almaty"]
[Date "2018.10.19"]
[Round "5"]
[White "Khusenkhojaev, Muhammad"]
[Black "Saiyn, Zhanat"]
[Result "0-1"]
[WhiteElo "2443"]
[BlackElo "2370"]
[Annotator "TA"]
[PlyCount "176"]
[EventDate "2018.10.16"]
[EventType "swiss"]
[EventCountry "KAZ"]
[SourceTitle "playchess.com"]
[Source "ChessBase"]
[SourceQuality "1"]

{[%evp 18,176,56,49,66,58,83,70,75,60,74,60,63,56,74,41,58,41,56,27,35,22,31,0,33,35,40,33,41,32,53,50,59,49,59,54,64,46,78,50,59,59,59,61,59,59,65,61,68,52,43,44,51,51,66,77,66,19,19,10,10,0,25,0,0,-150,-152,-339,-337,-327,-329,-514,-457,-869,-877,-885,-862,-1533,-1436,-1433,-985,-778,-928,-922,-915,-888,-905,-905,-905,-884,-871,-825,-816,-1335,-1186,-29946,-1732,-29951,-29954,-29945,-29954,-29953,-29954,-29949,-11809,-12848,-12478,-6893,-6373,-29970,-29972,-29971,-5165,-29975,-29977,-29977,-29975,-29975,-29974,-29976,-29977,-29978,-29979,-29980,-29979,-29985,-29982,-29981,-29982,-29986,-29984,-29987,-29987,-29987,-29988,-29989,-29987,-29987,-29987,-29987,0,-29988,-29989,-29989,-29987,-29987,-29988,-29988,-29989,-29989,-29990,-29990,-29991,-29993,-29993,-29993,-29994,-29994,-29994,-29995,-29995]} 1. d4 d6 2. c4 g6 3. Nc3 Bg7 4. g3 e5 5. Nf3 exd4 6. Nxd4 Nc6 7. Nxc6 bxc6 8. Bg2 Ne7 9. Bg5 f6 {A27: English Opening: Three Knights Variation} 10. Bf4 {LiveBook: 9 Games} Be6 11. b3 Qd7 {White is slightly better.} 12. h4 h5 $146 ({Predecessor:} 12... g5 13. Bc1 gxh4 14. Rxh4 Ng6 15. Rh5 f5 16. Bb2 f4 17. Qd2 fxg3 18. fxg3 {1-0 (29) Wilhelmi,C (2423)-Hartoch,R (2318) Bad Woerishofen 2000}) 13. Rc1 O-O 14. Qd2 Rad8 15. O-O c5 16. Kh2 Nc6 17. Rfd1 Kh7 18. Nd5 Bg4 19. Ne3 Be6 20. Nd5 Bg4 21. Be3 Rfe8 22. Re1 Bf5 23. Rcd1 Ne5 24. Bf4 {[%cal Be3f4,Bf4d2,Bd2c3][%mdl 32]} Nc6 25. Qb2 Rf8 26. Bd2 Rde8 27. Bc3 {[%cal Rd5f6]} Be4 28. Bh3 ({Stronger than} 28. Bxf6 Bxd5 29. cxd5 Ne5 $17) ({But not} 28. Nxf6+ $2 Bxf6 29. Bxf6 Bxg2 $19) 28... Qf7 29. f3 Bxd5 $1 30. cxd5 Ne5 31. Be6 $1 {[%cal Re6f7]} Qe7 32. Kg2 f5 33. f4 Ng4 {Threatens to win with ...Ne3+.} 34. e4 {exf5 is the strong threat.} Bxc3 35. Qxc3 {Hoping for exf5.} fxe4 36. Rxe4 Qg7 37. Qxg7+ (37. Qd2 {seems wilder.} Nf6 38. Re2 Kh8 39. Rc1 Re7 40. Rf1) 37... Kxg7 38. Kf3 Ne5+ 39. Kg2 Ng4 40. Rc1 a5 41. Rcc4 ({White should try} 41. Ra4 $11) 41... Nf6 $17 42. Kf3 $2 (42. Re2 $17) 42... Nxe4 $19 43. Rxe4 {[%mdl 4096] Endgame KRR-KRB} Re7 44. Ke3 {[#]} (44. Ra4 $142 Ra8 45. Ke3) 44... c6 $1 45. dxc6 (45. Kd3 $142 cxd5 46. Bxd5 Rxe4 47. Kxe4) 45... Rfe8 46. Kd3 Rxe6 47. Rxe6 Rxe6 {KR-KP} 48. Kc4 Re8 49. Kd5 Kf7 50. Kxd6 Rd8+ 51. Kxc5 Ke7 52. c7 Rd2 53. c8=N+ {KR-KN} Ke6 54. Nb6 Rxa2 55. Nc4 a4 56. bxa4 Rxa4 57. Ne3 Re4 58. Nc4 Re2 59. Kd4 Rg2 60. Ke4 Rxg3 61. Ne5 Kf6 62. Nd7+ Kg7 63. f5 Rg4+ 64. Ke5 Rxh4 65. Nf6 gxf5 66. Kxf5 Rh1 67. Ne4 Kh6 68. Kf4 Kg6 69. Kg3 Ra1 70. Nd2 Ra3+ 71. Kh4 Ra4+ 72. Kh3 Kf5 73. Nf1 Kg5 74. Nh2 Ra3+ 75. Kg2 Kf4 76. Nf1 h4 {[%cal Bh5h4,Bh4h3][%mdl 32]} 77. Kh2 Ra1 78. Kg2 {[#]} Ra3 $2 (78... h3+ $1 {mates} 79. Kf2 (79. Kxh3 Rxf1) 79... Ra2+ 80. Ke1 Kf3 81. Nd2+ Kg2 82. Nf1 Ra1+ 83. Kd2 Rxf1 84. Kc3 h2 85. Kd3 h1=Q 86. Kd4 Qh5 87. Kc4 Rc1+ 88. Kb4 Qd5 89. Ka3 Rb1 90. Ka4 Qa8#) 79. Nh2 $2 {[%mdl 8192]} (79. Kh2 $11 Ra1 80. Kg2) 79... h3+ {Black mates.} 80. Kg1 Ra1+ 81. Kf2 Ra2+ 82. Kg1 Rg2+ 83. Kh1 Kg3 84. Nf1+ Kf3 85. Ne3 Ra2 86. Nf5 Rd2 87. Kg1 Kf4 88. Ne7 Re2 {Precision: White = 41%, Black = 70%.} 0-1

[Event "Almaty Open 2018"]
[Site "Almaty"]
[Date "2018.10.19"]
[Round "5"]
[White "Kislinsky, Alexey"]
[Black "Burmakin, Vladimir"]
[Result "0-1"]
[WhiteElo "2430"]
[BlackElo "2523"]
[Annotator "TA"]
[PlyCount "96"]
[EventDate "2018.10.16"]
[EventType "swiss"]
[EventCountry "KAZ"]
[SourceTitle "playchess.com"]
[Source "ChessBase"]
[SourceQuality "1"]

{[%evp 24,96,97,91,108,93,162,130,163,43,63,68,75,0,0,0,-9,-160,-156,-137,-159,-177,-160,-235,-216,-302,-206,-210,-205,-252,-239,-239,-187,-251,-250,-252,-254,-249,-176,-327,-307,-302,-306,-495,-473,-480,-432,-672,-289,-294,-283,-454,-443,-437,-416,-437,-427,-437,-450,-1259,-604,-666,-658,-5401,-5081,-1284,-620,-598,-582,-535,-531,-566,-545,-1603,-1417]} 1. e4 c6 2. d4 d5 3. exd5 cxd5 4. c4 Nf6 5. Nc3 g6 6. cxd5 Bg7 7. Bc4 O-O 8. Nge2 Nbd7 9. Bb3 Nb6 10. Nf4 Bg4 11. f3 Bf5 {B14: Caro-Kann: Panov-Botvinnik Attack with 5...e6 and 5...g6} 12. g4 Bd7 13. h4 {[%cal Bh2h4,Bh4h5][%mdl 32] LiveBook: 4 Games} Qc7 {White is better.} (13... Rc8 14. Qe2 Qc7 15. h5 Bh6 16. Qe5 g5 17. Nh3 Nc4 18. Bxc4 Qxc4 19. Bxg5 Bxg5 20. Qxg5+ {1-0 (37) Gdanski,J (2527)-Bajarani,U (2395) Rijeka 2010}) 14. h5 Nc4 $146 (14... a5 $16 {might work better.}) ({Predecessor:} 14... Bh6 15. Qd2 g5 16. Nh3 e5 17. Qh2 Nbxd5 18. O-O Nf4 19. Bxf4 exf4 {1-0 (40) Royset,P (2230)-Pitl,G (2403) Budapest 2007}) 15. Qe2 b5 16. Qh2 (16. Nd3 $18) 16... Qb6 17. hxg6 fxg6 18. Bxc4 ({White should try} 18. Bd2 $16) 18... bxc4 $11 19. Be3 g5 20. O-O-O $2 (20. Nh3 $11) 20... gxf4 $17 21. Bxf4 Be8 $1 22. d6 Bg6 23. dxe7 (23. g5 $17 {is a better defense.} Nh5 24. Nd5) 23... Rf7 $19 24. Bc7 Bh6+ 25. Qxh6 Qxc7 26. Qg5 Qxe7 27. Rhe1 Qd7 28. Re5 (28. d5 $142) 28... Rb8 29. Rc5 Qd6 30. f4 Nd7 31. Rd5 $2 {[#]} (31. f5 {was the only defense.} Nxc5 32. fxg6 Nd3+ 33. Rxd3 $1 {[%mdl 512]} Qxg6 34. Qxg6+ hxg6 35. Rd2) 31... Qb4 $1 {[%csl Gb8][%cal Rb4b2]} 32. Rb5 Rxb5 33. Nxb5 $2 (33. Qxb5 Qxb5 34. Nxb5 Rxf4 35. Nxa7) 33... Qa4 {[%csl Gg6][%cal Ra4c2]} 34. f5 Qxb5 35. d5 (35. Qe3 $142 Rxf5 36. a4) 35... Qb6 (35... Rf8 $142 36. fxg6 {[#]} c3 $1 {[%mdl 512]} 37. bxc3 Rb8 38. gxh7+ Kh8) 36. fxg6 Qxg6 ({Don't do} 36... hxg6 37. d6 $19) 37. Qd8+ $2 (37. Qxg6+ hxg6 38. Kc2) 37... Kg7 38. Qc7 Nb6 39. Qc5 Qg5+ {Black is clearly winning.} 40. Kb1 Qe5 41. Qb4 (41. g5 $142) 41... Qe4+ (41... Nxd5 $142 42. Qd2 Qe4+ 43. Ka1 Ne3 44. Qc3+ Kg6) 42. Ka1 Nxd5 43. Qd2 {intending Qg5+.} Ne3 44. Qc3+ Kg8 45. Rd8+ Rf8 46. Rxf8+ Kxf8 47. Qf6+ Ke8 {( -> ...Qh1+)} 48. Qh8+ Kf7 {Precision: White = 29%, Black = 72%.} 0-1

[Event "Almaty Open 2018"]
[Site "Almaty"]
[Date "2018.10.19"]
[Round "5"]
[White "Kekelidze, Mikheil"]
[Black "Mirzoev, Azer"]
[Result "1-0"]
[WhiteElo "2360"]
[BlackElo "2508"]
[Annotator "TA"]
[PlyCount "49"]
[EventDate "2018.10.16"]
[EventType "swiss"]
[EventCountry "KAZ"]
[SourceTitle "playchess.com"]
[Source "ChessBase"]
[SourceQuality "1"]

{[%evp 18,49,64,52,50,55,62,59,165,146,147,141,186,173,236,234,229,224,250,118,113,31,150,154,160,129,222,203,500,237,213,220,218,125]} 1. d4 d5 2. Nf3 Nf6 3. c4 c6 4. g3 Bf5 5. Nc3 e6 6. Nh4 {D11: Slav Defence: 3 Nf3 sidelines and 3...Nf6 4 e3 Bg4} (6. Qb3 Qc8 7. Bg2 h6 8. O-O Be7 9. Nd2 O-O 10. e4 dxe4 11. Ndxe4 Rd8 12. Be3 Ng4 {0-1 (27) Jakovenko,D (2710)-Mamedyarov,S (2791) Sochi 2017}) 6... Be4 7. f3 Bg6 8. Qb3 Qb6 9. c5 Qc7 10. Bf4 {LiveBook: 11 Games} Qc8 11. e4 Nbd7 {[%cal Rd5e4]} 12. exd5 exd5 $146 ({Better is} 12... Nxd5 $14 13. Nxg6 hxg6) ({Predecessor:} 12... Nxd5 13. Nxd5 cxd5 14. Nxg6 hxg6 {½-½ (60) Inarkiev,E (2689)-Romanov,E (2626) St Petersburg 2017}) 13. O-O-O Be7 14. Re1 $1 Kf8 15. Bh3 $1 b6 (15... Bd8 $142 16. Qd1 Kg8) 16. Re2 {Strongly threatening cxb6.} Nxc5 17. dxc5 Qxh3 {[#]} 18. cxb6 (18. Rxe7 $1 $18 {[%mdl 512] is the precise move to win.} Kxe7 19. Qa3 (19. cxb6 axb6 20. Qb4+ c5 $11) 19... bxc5 20. Qxc5+ Kd8 21. Nb5 (21. Nxg6 hxg6 22. g4 Rc8 $14)) 18... axb6 $16 19. Qxb6 (19. Rhe1 $16 Bc5 20. Na4) 19... Qd7 ({Black should play} 19... Qc8 $1 $14) 20. Rhe1 Re8 21. Be3 {Hoping for Bc5.} Qd6 (21... Bd3 $16) 22. Bd4 Nd7 $2 {[#]} (22... c5 {was worth a try.} 23. Qxd6 Bxd6) 23. Rxe7 (23. Nb5 $142 $1 {[%mdl 512]} cxb5 24. Qxd6 Rc8+ 25. Bc5 Bxd6 {[#]} 26. Re8+ $1 {[%mdl 512]} Rxe8 27. Bxd6+ Re7 28. Rxe7) 23... Qxe7 $18 24. Rxe7 Nxb6 25. Rxe8+ {Precision: White = 46%, Black = 26%.} 1-0

[Event "Almaty Open 2018"]
[Site "Almaty"]
[Date "2018.10.19"]
[Round "5"]
[White "Urazayev, Arystanbek"]
[Black "Kostenko, Petr"]
[Result "1/2-1/2"]
[WhiteElo "2321"]
[BlackElo "2459"]
[Annotator "TA"]
[PlyCount "60"]
[EventDate "2018.10.16"]
[EventType "swiss"]
[EventCountry "KAZ"]
[SourceTitle "playchess.com"]
[Source "ChessBase"]
[SourceQuality "1"]

{[%evp 15,60,26,43,47,41,15,26,21,33,22,10,-10,3,0,7,0,9,0,10,0,0,10,10,4,0,0,4,0,0,0,0,0,0,0,0,0,33,0,0,0,0,0,15,0,0,0,0]} 1. e4 Nc6 2. Nf3 d6 3. d4 Nf6 4. Nc3 g6 5. h3 Bg7 6. Be3 O-O 7. Be2 e5 8. dxe5 Nxe5 {LiveBook: 5 Games. B08: Pirc Defence: Classical System} 9. Qd2 Ned7 $146 ({Predecessor:} 9... Be6 10. O-O Nc4 11. Bxc4 Bxc4 12. Rfe1 Re8 13. Bg5 Qd7 14. Rad1 Be6 15. Nd4 a6 {1-0 (37) Maletin,P (2572)-Anikonov,D (2400) Khanty-Mansiysk 2016}) 10. O-O Re8 11. Bc4 b6 {[%cal Bb7b6,Bb6b5][%mdl 32]} 12. Rfe1 Bb7 13. Bh6 a6 14. a3 b5 {[#] And now ...Bxh6 would win.} 15. Ba2 Ne5 16. Nxe5 dxe5 17. Rad1 Bxh6 18. Qxh6 Qe7 19. Qe3 Kg7 20. f3 Nh5 21. Rd2 Rad8 22. Red1 Rxd2 23. Rxd2 Rd8 24. Rxd8 Qxd8 25. Qc5 $36 {[%mdl 2048] Black is under pressure.} f6 26. Bd5 c6 $1 {[%cal Rc6d5] The position is equal.} 27. Qa7 Qc7 28. Bb3 Nf4 29. Nd1 Qd7 30. Nf2 Bc8 {Precision: White = 53%, Black = 60%.} 1/2-1/2

[Event "Almaty Open 2018"]
[Site "Almaty"]
[Date "2018.10.19"]
[Round "5"]
[White "Mezentsev, Ivan"]
[Black "Suleymenov, Alisher"]
[Result "1/2-1/2"]
[WhiteElo "2270"]
[BlackElo "2331"]
[Annotator "TA"]
[PlyCount "92"]
[EventDate "2018.10.16"]
[EventType "swiss"]
[EventCountry "KAZ"]
[SourceTitle "playchess.com"]
[Source "ChessBase"]
[SourceQuality "1"]

{[%evp 16,92,-33,-58,-47,-44,-42,-36,-15,-34,-15,-8,0,0,0,0,0,0,69,77,148,142,141,32,18,25,16,24,134,53,65,6,19,34,24,0,0,0,10,0,13,12,52,53,80,48,86,80,81,28,33,0,0,0,0,-251,-251,-251,-239,-229,-228,-220,-221,-204,-205,-187,-123,-123,0,-123,-123,-123,-148,-115,0,0,0,0,0]} 1. e4 c5 2. Nf3 Nc6 3. Bb5 d6 4. O-O Bd7 5. Re1 {[%cal Bf1e1,Be1e5,Be5h5][%mdl 32]} Nf6 6. h3 a6 7. Bf1 g5 {B51: Sicilian: Moscow Variation (3 Bb5+) without 3...Bd7} (7... g6 8. c3 Bg7 9. d4 O-O 10. e5 dxe5 11. dxe5 Ne8 12. Bf4 Nc7 13. Nbd2 Nd5 14. Bg3 Bf5 15. a4 Rc8 16. Nc4 b5 17. axb5 axb5 {½-½ (66) Vidit,S (2718)-Andriasian,Z (2591) chess.com INT 2018}) 8. e5 dxe5 9. Nxe5 {LiveBook: 3 Games} Nxe5 {Black is slightly better.} 10. Rxe5 g4 11. hxg4 Nxg4 12. Rh5 $1 Rg8 13. d3 $146 ({Predecessor:} 13. Nc3 Bc6 14. d3 Qd6 15. Qe2 {½-½ (30) Degraeve,J (2563)-Hamdouchi,H (2613) Nancy 2013}) 13... Bg7 14. c3 $1 (14. Rxh7 $2 Bd4 $17) 14... Qc7 $1 15. Nd2 O-O-O 16. Nc4 Bf6 (16... Kb8 $11) 17. Qf3 $14 Bc6 (17... Be5 $142) 18. Qf5+ $16 e6 19. Qf4 ({White must play} 19. Qxc5 $16 {And now d4 would win.} Kb8 20. Qa5 (20. Rxh7 Rh8 $15)) 19... e5 $14 20. Qf5+ Bd7 $1 {[%cal Rd7f5]} 21. Qf3 Bg7 (21... Kb8 $11 {keeps the balance.}) 22. a4 ({Better is} 22. Qxf7 $16 {Threatens to win with Rg5.} b5 23. Ne3 (23. Rxh7 bxc4 24. Rxg7 Rxg7 $16)) 22... Kb8 23. Ne3 (23. Rxh7 $14 Be6 24. a5) 23... Nxe3 24. Bxe3 f5 25. Rxf5 ({Don't play} 25. Rxh7 f4 $15) 25... Bxf5 26. Qxf5 Bf8 27. g3 Bd6 28. Bg2 Rdf8 29. Qh5 $1 {[%mdl 1024] White has compensation.} Ka8 30. Qh4 Qe7 {With the idea ...Qxh4.} 31. Qc4 Kb8 32. Ra3 (32. Bh6 $16) 32... e4 $1 $11 33. Rb3 {[#]} (33. Qxe4 {seems wilder.} Qf7 34. Qd5 Qxd5 35. Bxd5 Rg4 36. Rb3) 33... Bxg3 $1 {[%mdl 512]} 34. fxg3 Rxg3 35. Bxc5 $2 {[%mdl 8192]} (35. Qxc5 $11 {and White has nothing to worry.} Rxg2+ 36. Kxg2 Rg8+ 37. Kf2 (37. Kh3 Qe6+ 38. Kh2 Qxb3 $11) 37... Qf7+ 38. Ke1 Qxb3 39. Qa7+ Kc8 40. Qc5+ Kd7 41. Qd4+ Kc8 42. Qc5+ Kb8 43. Qd6+ Ka8 44. Qd4) 35... Rxg2+ $1 $19 36. Kxg2 Qg5+ 37. Kh2 (37. Kh3 Rf3+ 38. Kh2 Qg3+ 39. Kh1 Qh3+ 40. Kg1 Rf1#) 37... Qf4+ 38. Kg2 Qf1+ 39. Kh2 Qe2+ $1 40. Kh1 {Threatening mate with Rxb7+!} Qh5+ (40... Rf1+ $19 41. Bg1 Qg4 42. Rxb7+ Kxb7 43. Qd5+ Kc7 44. Qe5+ Kd7 45. Qd5+ Ke8 46. Qc6+ Kf8 47. Qd6+ Kg7 48. Qe5+ Kh6 49. Qd6+ Kh5 50. Qe5+ Kh4 51. Qh2+ Qh3 52. dxe4 Rc1 53. Qxh3+ Kxh3) 41. Kg2 Qg5+ 42. Kh2 $1 {Rxb7+! is the strong threat.} (42. Kh3 {leads to mate.} Rf3+ 43. Kh2 Qg3+ 44. Kh1 Qh3+ 45. Kg1 Rf1#) 42... Qh6+ 43. Kg2 {[#]} Qg6+ $1 44. Kh2 {[#] aiming for Rxb7+!} Rf5 (44... Rg8 $1 $17 {[%cal Rg6h6]} 45. Rxb7+ Kxb7 46. Qxe4+ Qxe4 47. dxe4 Re8) 45. Ba7+ $1 $11 Kxa7 {[%cal Rf5h5]} 46. Qd4+ Kb8 {Precision: White = 52%, Black = 46%.} 1/2-1/2

[Event "Almaty Open 2018"]
[Site "Almaty"]
[Date "2018.10.20"]
[Round "6"]
[White "Stupak, Kirill"]
[Black "Utegaliyev, Azamat"]
[Result "1/2-1/2"]
[WhiteElo "2583"]
[BlackElo "2517"]
[Annotator "TA"]
[PlyCount "36"]
[EventDate "2018.10.16"]
[EventType "swiss"]
[EventCountry "KAZ"]
[SourceTitle "playchess.com"]
[Source "ChessBase"]
[SourceQuality "1"]

{[%evp 15,17,4,14,-26]} 1. d4 d5 2. Nf3 Nf6 3. c4 dxc4 4. Nc3 a6 5. e3 e6 6. Bxc4 b5 7. Bb3 Bb7 8. O-O c5 9. dxc5 {D27: Queen's Gambit Accepted: Classical main line: 7 e4!? and 7 a4} {Predecessor:} Nbd7 $146 10. Bc2 Bxc5 11. a3 Qc7 12. e4 Ng4 13. Bg5 h5 14. Rc1 Nde5 15. Bf4 Rd8 16. Qe2 Bd6 17. Nxe5 Bxe5 18. Bxe5 Qxe5 {½-½ (53) Candela Perez,J (2373)-Gascon del Nogal,J (2475) Madrid 2017} 1/2-1/2

[Event "Almaty Open 2018"]
[Site "Almaty"]
[Date "2018.10.20"]
[Round "6"]
[White "Fier, Alexandr"]
[Black "Hamitevici, Vladimir"]
[Result "1-0"]
[WhiteElo "2558"]
[BlackElo "2505"]
[Annotator "TA"]
[PlyCount "87"]
[EventDate "2018.10.16"]
[EventType "swiss"]
[EventCountry "KAZ"]
[SourceTitle "playchess.com"]
[Source "ChessBase"]
[SourceQuality "1"]

{[%evp 9,87,7,25,15,36,10,37,33,50,48,57,57,53,53,77,78,88,95,62,64,60,58,59,50,50,49,82,76,80,85,92,52,121,106,112,119,125,134,139,143,119,85,192,202,256,235,301,309,296,297,273,231,228,218,328,271,257,185,181,179,193,179,182,186,164,66,53,54,166,164,142,54,470,476,585,550,933,899,2170,2375]} 1. e4 c6 2. d4 d5 3. e5 Bf5 4. h4 h6 5. g4 Bd7 6. Nc3 {B12: Caro-Kann: Advance Variation} (6. Be3 Qb6 7. Nd2 e6 8. Nb3 Na6 9. h5 c5 10. dxc5 Nxc5 11. Nf3 Qc7 12. c3 b6 13. Nbd4 a6 {½-½ (56) Nepomniachtchi,I (2767)-Dreev,A (2652) Doha 2016}) 6... Qc8 7. Bh3 h5 8. gxh5 {White is slightly better.} Nh6 9. Bxd7+ Qxd7 10. Bxh6 Rxh6 11. Qf3 f6 $146 ({Predecessor:} 11... e6 12. O-O-O b5 13. Nh3 a5 {1-0 (24) Satyapragyan,S (2467)-Aranaz Murillo,A (2255) Paris 2016}) 12. O-O-O fxe5 13. dxe5 e6 14. Nh3 Qf7 $1 {[%cal Rf7f3]} 15. Qxf7+ Kxf7 16. Ng5+ Kg8 17. f4 $36 {[%mdl 2048] White has good play.} Na6 18. Ne2 Nc5 19. Ng3 a5 20. Kd2 a4 (20... Na4 $14) 21. Ke3 $16 a3 22. b3 $1 Na6 23. c3 b5 24. Rc1 c5 25. Kf3 c4 (25... Nb8 $16) 26. bxc4 $18 dxc4 27. N3e4 Rd8 28. Rhd1 Rd5 29. Kg4 Nc7 30. Rb1 Be7 31. Rd2 Bf8 (31... Kf8 $142 32. Nf3 Kg8) 32. Nf3 Be7 33. Nd6 g6 34. Rxd5 $1 gxh5+ 35. Kg3 exd5 36. Nxb5 Rb6 37. Nfd4 ({Not} 37. Nxc7 Rxb1 38. Nxd5 Bd8 $11) (37. Nxa3 $1 $18 Rg6+ 38. Ng5 Bxa3 39. f5) 37... Bc5 $14 {...Bxd4 is the strong threat.} 38. Nxa3 $1 {Threatens to win with Rxb6.} Rg6+ ({Black should try} 38... Bxd4 $14 39. cxd4 Rxb1 40. Nxb1 Nb5) 39. Kf3 $18 Bxa3 {[#]} 40. Rb8+ ({White should play} 40. f5 $1 $16 {[%cal Rf5g6]} Rg7 41. f6) 40... Bf8 $2 {[%mdl 8192] [#]} (40... Kh7 $1 $14) 41. f5 $1 {[%cal Rf5g6,Bf4f5,Bf5f6][%mdl 32] White is clearly winning.} Rg4 42. Rc8 Re4 43. e6 Na6 44. f6 {Precision: White = 72%, Black = 40%.} 1-0

[Event "Almaty Open 2018"]
[Site "Almaty"]
[Date "2018.10.20"]
[Round "6"]
[White "Burmakin, Vladimir"]
[Black "Zubarev, Alexander"]
[Result "1-0"]
[WhiteElo "2523"]
[BlackElo "2490"]
[Annotator "TA"]
[PlyCount "73"]
[EventDate "2018.10.16"]
[EventType "swiss"]
[EventCountry "KAZ"]
[SourceTitle "playchess.com"]
[Source "ChessBase"]
[SourceQuality "1"]

{[%evp 12,73,35,35,27,33,31,22,17,19,21,4,18,20,19,12,10,8,37,-24,-12,-51,-43,-44,0,21,16,-6,0,-69,-54,-67,33,36,89,29,89,11,14,9,43,51,119,122,114,117,122,128,110,135,379,347,347,361,381,383,775,763,733,726,640,512,504,500]} 1. d4 {[%cal Bd2d4,Bd4d5][%mdl 32]} g6 2. g3 Bg7 3. Bg2 c5 4. d5 d6 5. a4 Nf6 6. Nf3 O-O 7. O-O e6 {A49: 1 d4 Nf6 2 Nf3 g6 3 g3: Anti-King's Indian systems} (7... Na6 8. Re1 Nc7 9. Nc3 b6 10. e4 Bb7 11. Bf4 a6 12. Qd2 b5 13. Nh4 b4 14. Nd1 e6 15. Bg5 exd5 16. exd5 {1-0 (30) Burmakin,V (2579)-Hoffman,A (2476) Lisbon 2014}) 8. dxe6 fxe6 9. c3 $146 ({Predecessor:} 9. Nbd2 Nc6 10. c3 Qe7 11. e4 e5 12. Nc4 Be6 13. Qe2 h6 14. Rd1 Rad8 15. b4 cxb4 16. cxb4 {1-0 (54) Garbett,P (2300)-McLaren,L (2275) Auckland 1997}) 9... Nc6 {The position is equal.} 10. Bg5 d5 11. Nbd2 h6 12. Bxf6 $1 Qxf6 13. e4 b6 14. Qe2 Bb7 15. Rfe1 (15. Nh4 $14) 15... Rad8 16. Rad1 (16. a5 $5) 16... g5 17. h4 Qg6 (17... g4 $15 18. Nh2 h5) 18. hxg5 $11 hxg5 19. Nh2 Ne5 20. exd5 (20. Ndf3 $11 Nxf3+ 21. Nxf3) 20... exd5 $15 {Threatens to win with ...Nd3.} 21. Ndf3 Nf7 (21... Nc4 $1 $15 22. Qe7 Bc8 23. Qxg5 Qxg5 24. Nxg5 Nxb2 25. Rxd5 Nxa4) 22. Ng4 $14 Qf5 (22... Rd6 $14) 23. Qe7 (23. Nfh2 $16) 23... Rd7 {[#]} (23... Qxg4 $11 {remains equal.} 24. Qxb7 d4) 24. Qe6 ({White should play} 24. Ne3 $1 $16 {[%cal Re3f5]} Rxe7 25. Nxf5) 24... Qxe6 $11 25. Rxe6 d4 26. Nfe5 $36 {[%mdl 2048] Black is under pressure.} Rd6 ({Better is} 26... Nxe5 $14 27. Nxe5 Bxe5 28. Rxe5 Bxg2 29. Rxg5+ (29. Kxg2 Rfd8 $16) 29... Kf7 30. Kxg2 Rfd8) 27. Rxd6 $16 Nxd6 28. cxd4 Bxg2 29. Kxg2 {Hoping for dxc5.} cxd4 30. Rxd4 Nb7 $2 (30... Nf7 $16 {was worth a try.}) 31. Rd7 $18 Nc5 32. Rxa7 Re8 33. Nf3 Bxb2 $2 (33... Ne4 34. b4 Nf6 35. Nxf6+ (35. Nxg5 Nxg4 36. Ra6 Rb8 $16) 35... Bxf6) 34. Nh6+ {White is clearly winning.} Kh8 35. Nxg5 {[%csl Gg5][%cal Ra7h7] [#]} Bg7 36. Nf5 Bf8 37. f4 {Precision: White = 54%, Black = 34%.} 1-0

[Event "Almaty Open 2018"]
[Site "Almaty"]
[Date "2018.10.20"]
[Round "6"]
[White "Mirzoev, Azer"]
[Black "Daurimbetov, A."]
[Result "0-1"]
[WhiteElo "2508"]
[BlackElo "2282"]
[Annotator "TA"]
[PlyCount "94"]
[EventDate "2018.10.16"]
[EventType "swiss"]
[EventCountry "KAZ"]
[SourceTitle "playchess.com"]
[Source "ChessBase"]
[SourceQuality "1"]

{[%evp 14,94,48,27,70,65,66,59,63,0,0,-20,-11,-17,22,27,21,-18,-8,-20,-15,-37,10,-24,0,-25,-19,-20,-7,0,0,0,0,-27,0,-4,0,0,0,-18,0,-3,0,0,0,0,0,-56,-64,-75,-63,-82,43,-187,-200,-965,-766,-753,-750,-720,-716,-696,-652,-651,-608,-652,-614,-650,-650,-635,-606,-595,-581,-1053,-1055,-912,-791,-707,-647,-29979,-29979,-29992,-29993]} 1. d4 Nf6 2. Nf3 g6 3. g3 Bg7 4. Bg2 O-O 5. O-O d6 6. b3 a5 7. Bb2 Nbd7 {A49: 1 d4 Nf6 2 Nf3 g6 3 g3: Anti-King's Indian systems} (7... a4 8. c4 c6 9. e3 Bg4 10. h3 Bxf3 11. Bxf3 Nbd7 12. Nc3 a3 13. Bc1 e5 14. dxe5 Nxe5 15. Bg2 {1-0 (42) Giri,A (2782)-Aronian,L (2767) chess.com INT 2018}) 8. a4 {LiveBook: 5 Games} c5 9. Na3 $146 ({Predecessor:} 9. Nbd2 Re8 10. Re1 cxd4 11. Nxd4 Rb8 12. Nb5 Nc5 13. Nc4 d5 14. Ne3 e6 15. Be5 Nfd7 16. Bxb8 Bxa1 17. Bc7 {1-0 (17) Petersons,O (1791)-Gislason,J (1319) Reykjavik 2016}) 9... cxd4 {White is slightly better.} 10. Nxd4 Nc5 11. h3 ({White should play} 11. Qe1 $14) 11... Nfe4 $11 12. e3 Bd7 13. Rb1 Qc8 14. Kh2 f5 15. Ndb5 Bxb2 16. Rxb2 Bc6 17. Nd4 h5 18. h4 Qe8 19. Nab5 {aiming for Bxe4.} Qf7 20. Rb1 Rad8 21. Qe1 Bxb5 22. Nxb5 b6 23. Qd1 e5 24. c3 f4 25. exf4 exf4 26. Qc2 d5 27. b4 $132 {[%mdl 2048] White puts up resistance} axb4 28. cxb4 f3 29. Bh3 Ne6 {Threatens to win with ...g5.} 30. Qc6 (30. Rbd1 $11) 30... Nf4 $1 $15 {[%cal Rf4h3]} 31. gxf4 Qxf4+ 32. Kg1 {[#]} Kh8 (32... Rf7 $1 $17 33. Nd4 (33. Qxg6+ $2 Rg7 $19) (33. Qxb6 Qxh4 34. Kh2 Rdf8 $11) 33... Qxh4 34. Qxg6+ Kh8 35. Nxf3 (35. Qxf7 Qxh3 36. Nxf3 Rg8+ 37. Qxg8+ Kxg8 $15) 35... Qxh3 36. Qxf7 Rg8+ 37. Qxg8+ Kxg8) 33. Qc7 $2 (33. Qxb6 Qxh4 34. Kh2 {[#]} d4 $1 $19 {[%mdl 512]}) (33. Qxg6 {gets mated.} Rg8 34. Kh1 Rxg6 35. Nd6 Qxh4 36. Nf7+ Kg7 37. Ng5 Nxg5 38. Kh2 Nxh3 39. Kh1 Nxf2#) (33. Qc1 $14 {is the one way to stay ahead.} Nd2 34. Nc7 Nxb1 35. Ne6 Qxc1 36. Rxc1) 33... Qxh4 $19 34. Kh2 $2 (34. Qh2 Ng5 35. Be6 (35. Qe5+ $2 Kg8 $19) 35... Qxh2+ 36. Kxh2 Nxe6 37. a5) 34... Nxf2 35. Rxf2 Qxf2+ 36. Kh1 Qh4 37. Qh2 Rde8 {...Re2 is the strong threat.} 38. Bf1 Re4 {Hoping for ...Qe7.} 39. Nc3 f2 40. Qxh4 Rxh4+ 41. Kg2 Rg4+ 42. Kh2 d4 43. Nd5 Rg1 44. a5 bxa5 45. bxa5 Rf5 46. Nb4 Rf4 47. Kh3 g5 {Precision: White = 49%, Black = 56%.} 0-1